000 00581nam a2200193Ia 4500
008 240729s9999 xx 000 0 und d
022 _a2090-2093
245 0 _aSchizophrenia Research and Treatment
260 _aUnited Kingdom
260 _bHindawi Limited
650 _a Internal medicine
650 _a Neurology. Diseases of the nervous system
650 _a Neurosciences. Biological psychiatry. Neuropsychiatry
650 _a Psychiatry
650 _aMedicine
856 _uhttps://doaj.org/toc/91ac17d7dfa34eba8a5bb2fef759b31f
942 _2ddc
942 _cDOAJEJ
999 _c71703
_d71703
945 _a1
_bMadushi Gamage
_c1
_dMadushi Gamage